LEADER 01599nam a2200337 u 4500 001 000000049886 003 CaOOAMICUS 005 20070226115148.0 008 000714s1998 it u000 u ita u 020 $a8876527818 035 $a10852274 040 $aIPA$bita 100 1 $aFinamore, Rosanna,$d1948-$0(OLS)http://pul/name/34853 245 10$aB. Lonergan e l'Education :$b"l'alveo in cui il fiume scorre" /$cRosanna Finamore. 260 $aRoma :$bEditrice Pontificia Universitą gregoriana,$c1998. 300 $a342 p. ;$c25 cm 490 1 $aTesi Gregoriana.$aSerie filosofia ;$v6 500 $aComprende riferimenti bibliografici (p. 299-331) e indice. 502 $aDiss. -- Pontificia Universitą gregoriana. 600 14$aLonergan, Bernard Joseph Francis,$cS.I.,$d1904-1984.$0(OLS)http://pul/subject/20971 650 4$aFilosofia dell'educazione.$0(OLS)http://pul/subject/7700 710 2 $aPontificia Universitą Gregoriana.$0(OLS)http://pul/name/147 830 0$aTesi Gregoriana.$pSerie filosofia ;$v6.$0(OLS)http://pul/title/67211 850 $aPUL 852 $aPUL$W1$xDP1 Tesi Pon. Univ. Gregoriana$y40$mTH PUG 4447$j66208$nBK-PRI$b $qTesi$B66208$CPULBib$Z2$F66208 $H $81 910 $aPontificia Universitas Gregoriana$9147 941 1 $a16 961 $aINV: 83684 996 $6020$a8876527818$9(OLS)http://pul/number/63092 996 $6245$aB. Lonergan e l'Education :$b"l'alveo in cui il fiume scorre"$9(OLS)http://pul/title/67210 996 $6260$aRoma :$bEditrice Pontificia Universitą gregoriana$9(OLS)http://pul/publisher/67494 LEADER 01774nam a2200397 a 4500 001 000000168995 003 CaOOAMICUS 005 20180724104917.0 008 180724s2018 it u000 u ita r 020 $a978-88-9317-592-0* 032 $aLibriCat 040 $aPUL$bita 082 04$a348.45 110 1 $aItalia.$0(OLS)http://pul/name/1188 240 10$aCodice penale (2018).$0(OLS)http://pul/title/209542 245 10$aCodice penale e di procedura penale e leggi complementari /$ca cura di Luigi Alibrandi (per il codice penale) ; Piermaria Corso (per il codice di procedura penale) 250 $a50. ed. 260 $aPiacenza :$bLa Tribuna,$c©2018. 300 $a2285 p. ;$c19 cm. 490 1 $aI codici vigenti 2018 500 $aComprende indici. 500 $aTesto su due colonne. 500 $aSulla coperta: Aggiornato con la Riforma delle impugnazioni (D.L.vo 6/2/2018, n. 11). 630 04$aCodice penale$zItalia.$0(OLS)http://pul/subject/12325 650 4$aProcedura penale$zItalia.$0(OLS)http://pul/subject/12686 700 1 $aAlibrandi, Luigi.$0(OLS)http://pul/name/45474 700 1 $aCorso, Piermaria.$0(OLS)http://pul/name/35334 830 2$aI Codici vigenti 2018.$0(OLS)http://pul/title/209366 850 $aPUL 852 $aPUL$W1$xDP2 Diritto e Scienze Sociali 3$y110$m348. 45 COD 3.1.114$j192292$qDDC 21$B196956$CPULBib$Z2$F196956 $H131225 $81 941 1 $a9 996 $6020$a978-88-9317-592-0*$9(OLS)http://pul/number/164621 996 $6082$a348.45$9(OLS)http://pul/classification/373 996 $6245$aCodice penale e di procedura penale e leggi complementari$9(OLS)http://pul/title/178222 996 $6260$aPiacenza :$bLa Tribuna$9(OLS)http://pul/publisher/69734